Nederlandse minsters-presidenten 1848-nu - Statistieken

Algemene statistieken
  • Deze quiz is 30 keer genomen
    4 sinds de laatste reset
  • De gemiddelde score is 20 van 51
Antwoordstatistieken
Periode Partij Minister President % Correct
Minister President 2024-2026 Partijloos (PVV) Dick Schoof
100%
Minister President 2002-2010 Christen-Democratisch Appèl Jan-Peter Balkenende
100%
Minister President 2010-2024 Volkspartij voor Vrijheid en Democratie Mark Rutte
100%
Minister President 1977-1982 Christen-DemocratischAppèl Dries van Agt
75%
Minister President 1973-1977 Anti-Revolutionaire Partij Joop den Uyl
75%
Minister President 2026-heden Democraten '66 Rob Jetten
75%
Minister President 1982-1994 Christen-Democratisch Appèl Ruud Lubbers
75%
Minister President 1994-2002 Partij van de Arbeid Wim Kok
75%
Minister President 1971-1973 Anti-Revolutionaire Partij Barend Biesheuvel
50%
Voorzitter 1848 Partijloos(liberaal) Gerrit Schimmelpenninck
50%
Minister President 1959-1963 Katholieke Volkspartij Jan de Quay
50%
Minister President 1966-1967 Anti-Revolutionaire Partij Jelle Zijlstra
50%
Minister President 1965-1966 Katholieke Volkspartij Jo Cals
50%
Voorzitter 1849-1853 Partijloos (liberaal) Johan Rudolph Thorbecke
50%
Voorzitter 1862-1866 Partijloos (liberaal) Johan Rudolph Thorbecke
50%
Voorzitter 1871-1872 Partijloos (liberaal) Johan Rudolph Thorbecke
50%
Minister President 1946-1948 Katholieke Volkspartij Louis Beel
50%
Minister President 1958-1959 Katholieke Volkspartij Louis Beel
50%
Minister President 1967-1971 Katholieke Volkspartij Piet de Jong
50%
Voorzitter 1940-1945 Anti-Revolutionaire Partij Pieter Gerbrandy
50%
Minister President 1963-1965 Katholieke Volkspartij Victor Marijnen
50%
Minister President 1948-1958 Partij van de Arbeid Willem Drees
50%
Minister President 1945-1946 Vrijzinnig Democratische Bond/ Partij van de Arbeid Wim Schermerhoorn
50%
Voorzitter 1901-1905 Anti-RevolutionairePartij Abraham Kuyper
25%
Voorzitter 1929-1933 Roomsch-Katholieke Staatspartij Charles Ruijs de Beerenbrouck
25%
Voorzitter 1926-1929 Christelijk-Historische Unie Dirk Jan de Geer
25%
Voorzitter 1939-1940 Christelijk-HistorischeUnie Dirk Jan de Geer
25%
Voorzitter 1918-1925 Roomsch-KatholiekeStaatspartij Charles Ruijs de Beerenbrouck
25%
Voorzitter 1872-1874 Partijloos (liberaal) Gerrit de Vries Azn
25%
Voorzitter 1891-1894 Partijloos (liberaal) Gijsbert van Tienhoven
25%
Voorzitter 1925-1926 Anti-Revolutionaire Partij Hendrikus Colijn
25%
Voorzitter 1933-1939 Anti-Revolutionaire Partij Hendrikus Colijn
25%
Voorzitter 1861-1862 Partijloos (liberaal) Jacob van Zuylen van Nijevelt/Schelto van Heemstra
25%
Voorzitter 1874-1877 Partijloos (conservatief) Jan Heemskerk Azn
25%
Voorzitter 1883-1888 Partijloos (conservatief) Jan Heemskerk Azn
25%
Voorzitter 1877-1879 Partijloos (liberaal) Jan Kappeyne van de Coppello
25%
Voorzitter 1894-1897 Partijloos (liberaal) Joan Röell
25%
Voorzitter 1866-1868 Partijloos (conservatief) Julius van Zuylen Nijevelt
25%
Voorzitter 1856-1858 Partijloos (anti-revolutionair) Justinus van der Brugghen
25%
Voorzitter 1897-1901 Liberale Unie Nicolaas Pierson
25%
Voorzitter 1913-1918 Partijloos (liberaal) Pieter Cort van der Linden
25%
Voorzitter 1868-1871 Partijloos (liberaal) Pieter Philip van Bosse
25%
Voorzitter 1905-1908 Liberale Unie Theo de Meester
25%
Voorzitter 1908-1913 Anti-Revolutionaire Partij Theo Heemskerk
25%
Voorzitter 1888-1891 Anti-RevolutionairePartij Aeneas Mackay
0%
Voorzitter 1853-1856 Partijloos (liberaal) Floris Adriaan van Hall
0%
Voorzitter 1860-1861 Partijloos (liberaal) Floris Adriaan van Hall
0%
Voorzitter 1866 Partijloos (liberaal) Isaäc Dignus Fransen van de Putte
0%
Voorzitter 1848-1849 Partijloos (liberaal) Jacob de Kempenaer
0%
Voorzitter 1858-1860 Partijloos (conservatief) Jan Jacob Rochussen
0%
Voorzitter 1879-1883 Partijloos (anti-revolutionair) Theo van Lynden van Sandenburg
0%
Geen overeenkomende quizzen gevonden
Scoreverdeling
Procent van Mensen met Elke Score
Percentiel versus Aantal Correcte Antwoorden
Uw Scoregeschiedenis
U heeft deze quiz nog niet genomen sinds de laatste reset